000 00577nam a22001817a 4500
005 20231102095440.0
008 231102b |||||||| |||| 00| 0 eng d
020 _a0409032956
041 _aEnglish
082 _a346.6 HEN
100 _aMilne, A
_lEnglish
245 _aHenochsberg on the Companies Act :
_bfourth (cumulative) supplement /
_cA Milne
250 _aThird Edition
260 _aDurban :
_bButterworth and Company (Pty) Ltd,
_c1980
300 _bxvi, 170 pages ;
_c25 cm.
650 _aLegal practice
_bLaw
942 _cBK
_6ALISON_BN_VRIES
999 _c251
_d251